000 01779nam a22001577a 4500
041 _aukr
080 _a09
090 _bГЕН
100 _aГень, О. С.
245 _aОномастичні одиниці у економічному дискурсі (на прикладі назв фірм та компаній)
260 _aОстрог
_bКАФ
_c2013
300 _a57
520 _aВступ. Розділ І. Теоретичні аспекти дослідження ономастичних одиниць. 1.1. Сутність та значення ономастики 1.2. Функції елементів ономастикону та загальної лексики 1.3. Етимологія ономастичного матеріалу 1.4. Ергонім як складова одиниця ономастики 1.5. Специфічні особливості функціонування ергонімів Розділ ІІ. Аналіз англомовних назв ділових обєктів. 2.1. Структурний аналіз однокомпонентних англомовних ергонімів 2.2. Структурний аналіз багатокомпонентних англомовних ергонімів 2.3. Дослідження функціональних особливостей ергонімів 2.4. Методичні рекомендації щодо номінації ергонімів Розділ ІІІ. Охорона праці та безпека в надзвичайних ситуаціях. Висновки. Список використаних джерел. Додатки.
_0ономастика, економічний дискурс
650 _aResearch Papers
999 _c285344
_d285344
942 _cBK